[Event "20th Voronezh Master Open"]
[Site "Voronezh RUS"]
[Date "2016.06.12"]
[Round "1.1"]
[White "Schekachikhin, Maksim"]
[Black "Kokarev, Dmitry"]
[Result "0-1"]
[WhiteTitle "FM"]
[BlackTitle "GM"]
[WhiteElo "2349"]
[BlackElo "2624"]
[WhiteFideId "24177830"]
[BlackFideId "4132181"]
[EventDate "2016.06.12"]

1. d4 Nf6 2. c4 g6 3. Nc3 Bg7 4. Nf3 O-O 5. e4 c6 6. Be2 d6 7. O-O e5 8. Re1
exd4 9. Nxd4 Re8 10. Bf1 Qb6 11. h3 Nbd7 12. Nb3 a5 13. Be3 Qc7 14. Qc2 a4 15.
Nd2 Qa5 16. Rab1 Qb4 17. a3 Qa5 18. Rbd1 Nc5 19. Bf4 Bf8 20. Nf3 Rd8 21. Bg5 Bg7
22. Bf4 Bf8 23. Bg5 Bg7 24. Bf4 Ne8 25. Bg5 f6 26. Be3 Rd7 27. Nd4 Re7 28. h4
Nd7 29. f3 Ne5 30. Qf2 Rf7 31. Ndb5 Be6 32. Nxd6 Nxd6 33. Rxd6 Bxc4 34. Red1 Bf8
35. R6d2 Bxf1 36. Qxf1 b5 37. Bf2 Nc4 38. Rc2 Nxb2 39. Rxb2 Qxc3 40. Ra2 Qb3 41.
Qe2 Re8 42. Rd3 Qe6 43. Rc2 Rd7 44. Rdc3 Rc8 45. Bc5 Bg7 46. Rd3 Rcd8 47. Rcd2
Bf8 48. Bxf8 Rxd3 49. Rxd3 Qc4 50. Rxd8 Qxe2 51. Bb4+ Kf7 52. Rd7+ Ke8 53. Re7+
Kd8 54. Rxh7 Qe3+ 55. Kh2 c5 56. Ba5+ Ke8 57. Rh8+ Kf7 0-1

[Event "20th Voronezh Master Open"]
[Site "Voronezh RUS"]
[Date "2016.06.12"]
[Round "1.2"]
[White "Volkov, Sergey"]
[Black "Sargissyan, Sargis"]
[Result "1/2-1/2"]
[WhiteTitle "GM"]
[BlackTitle "FM"]
[WhiteElo "2604"]
[BlackElo "2340"]
[WhiteFideId "4122763"]
[BlackFideId "13303210"]
[EventDate "2016.06.12"]

1. d4 Nf6 2. c4 g6 3. Nc3 Bg7 4. e4 d6 5. Nf3 O-O 6. Be2 e5 7. Be3 c6 8. d5 Ng4
9. Bg5 f6 10. Bh4 h5 11. Nd2 c5 12. a3 Nh6 13. f3 Nf7 14. Bd3 Bh6 15. Qe2 Na6
16. Nf1 Nc7 17. Ne3 Bd7 18. b4 b6 19. Rb1 Kg7 20. Bf2 Qc8 21. Qc2 Ng5 22. h4 Nf7
23. Rg1 Rh8 24. Ke2 Rb8 25. Rb2 Ne8 26. Rgb1 Ra8 27. Rb3 Nd8 28. R3b2 Nb7 29.
Rg1 Kf7 30. Kd1 Ng7 31. Kc1 f5 32. g3 fxe4 33. fxe4 Ne8 34. Kb1 Nf6 35. Be2 Rf8
36. g4 hxg4 37. Qd1 Bxe3 38. Bxe3 Kg7 39. Bg5 Nh5 40. bxc5 Qxc5 41. Bxg4 Bxg4
42. Qxg4 Kh8 43. Bc1 Rf6 44. Qg5 Qc7 45. Rbg2 Qh7 46. Rg4 Na5 47. Qe3 Nxc4 48.
Qe2 Rc8 49. Bg5 Rf7 50. a4 a6 51. Bc1 Rf6 52. Bg5 Rf7 53. Bc1 Rf6 54. Rg5 Na5
55. Na2 b5 56. axb5 Rb8 57. Nc3 axb5 58. Qg4 b4 59. Ne2 b3 60. Rxg6 Rxg6 61.
Qxg6 b2 62. Qxh7+ Kxh7 63. Bg5 Nc4 64. Nc3 Nf4 65. Bxf4 exf4 66. Ka2 Ra8+ 67.
Kb3 Rb8+ 68. Ka2 1/2-1/2

[Event "20th Voronezh Master Open"]
[Site "Voronezh RUS"]
[Date "2016.06.12"]
[Round "1.4"]
[White "Stukopin, Andrey"]
[Black "Sergienko, Sergey"]
[Result "1-0"]
[WhiteTitle "GM"]
[BlackTitle "IM"]
[WhiteElo "2595"]
[BlackElo "2335"]
[WhiteFideId "24107131"]
[BlackFideId "4115791"]
[EventDate "2016.06.12"]

1. e4 d6 2. d4 Nf6 3. Nc3 e5 4. Nf3 Nbd7 5. Bc4 Be7 6. O-O O-O 7. a4 c6 8. Re1
b6 9. b3 a6 10. d5 Bb7 11. dxc6 Bxc6 12. Bg5 h6 13. Bxf6 Nxf6 14. Qd3 Bb7 15. g3
g6 16. Nh4 Kg7 17. Ng2 Rc8 18. Ne3 b5 19. axb5 axb5 20. Bxb5 Rxc3 21. Qxc3 Nxe4
22. Qd3 d5 23. Ra7 Bb4 24. Rd1 Nc5 25. Qe2 d4 26. Nc4 Be4 27. Nxe5 Qd5 28. Nxf7
Rxf7 29. Bc4 Qd8 1-0

[Event "20th Voronezh Master Open"]
[Site "Voronezh RUS"]
[Date "2016.06.12"]
[Round "1.5"]
[White "Murtazin, Bulat"]
[Black "Maletin, Pavel"]
[Result "1-0"]
[WhiteTitle "FM"]
[BlackTitle "GM"]
[WhiteElo "2335"]
[BlackElo "2579"]
[WhiteFideId "24151351"]
[BlackFideId "4146786"]
[EventDate "2016.06.12"]

1. d4 Nf6 2. c4 e6 3. Nf3 b6 4. a3 Bb7 5. Nc3 d5 6. cxd5 Nxd5 7. Qc2 Nxc3 8.
bxc3 c5 9. e4 Nc6 10. Bb2 cxd4 11. cxd4 Rc8 12. Rd1 Bd6 13. d5 exd5 14. Rxd5 Qe7
15. Qd3 Nb4 16. axb4 Bxd5 17. Qxd5 Bxb4+ 18. Ke2 O-O 19. Qe5 Rc2+ 20. Kd3 Rxb2
21. Qxb2 Rd8+ 22. Ke3 Qd6 23. e5 Bc5+ 24. Kf4 Qh6+ 25. Kg3 Qg6+ 26. Kh3 Qf5+ 27.
Kg3 h5 28. h4 Rd1 29. Qe2 Rc1 30. Qd2 Qc8 31. Ba6 Qg4+ 32. Kh2 Rxh1+ 33. Kxh1
Qa4 34. Qd8+ Bf8 35. Bb7 1-0

[Event "20th Voronezh Master Open"]
[Site "Voronezh RUS"]
[Date "2016.06.12"]
[Round "1.6"]
[White "Ponkratov, Pavel"]
[Black "Gurvich, Vitaly"]
[Result "1-0"]
[WhiteTitle "GM"]
[BlackTitle "FM"]
[WhiteElo "2573"]
[BlackElo "2331"]
[WhiteFideId "4157800"]
[BlackFideId "24164852"]
[EventDate "2016.06.12"]

1. d4 Nf6 2. Bg5 d5 3. e3 c5 4. Nf3 Nc6 5. Bxf6 gxf6 6. c4 cxd4 7. exd4 e6 8.
Nc3 Bb4 9. cxd5 Qxd5 10. Be2 Bd7 11. O-O Bxc3 12. bxc3 Na5 13. Nd2 Bc6 14. Bf3
Qf5 15. Bxc6+ Nxc6 16. Rb1 O-O-O 17. Nc4 Rhg8 18. g3 Rd7 19. Qa4 Rg5 20. Rb2 Qd5
21. Rfb1 Kb8 22. Rb5 Qf3 23. Na5 Rxb5 24. Qxb5 Kc8 25. Nxb7 Nxd4 26. Nd6+ Rxd6
27. Qb8+ Kd7 28. Rb7+ Kc6 29. cxd4 Qd1+ 30. Kg2 Qxd4 31. Rc7+ Kd5 1-0

[Event "20th Voronezh Master Open"]
[Site "Voronezh RUS"]
[Date "2016.06.12"]
[Round "1.7"]
[White "Karpenko, Artem"]
[Black "Kharitonov, Alexandr"]
[Result "0-1"]
[WhiteTitle "FM"]
[BlackTitle "GM"]
[WhiteElo "2331"]
[BlackElo "2571"]
[WhiteFideId "24175595"]
[BlackFideId "4135202"]
[EventDate "2016.06.12"]

1. e4 e6 2. d3 c5 3. g3 Nc6 4. Bg2 g6 5. Nc3 Bg7 6. Be3 d6 7. Qd2 Nd4 8. Nd1 h5
9. c3 Nc6 10. Nf3 Nf6 11. Bg5 Qd7 12. O-O b6 13. Re1 Bb7 14. d4 e5 15. Bxf6 Bxf6
16. dxc5 bxc5 17. Ne3 O-O 18. h4 Rad8 19. Nd5 Bg7 20. Ng5 Ne7 21. Bh3 Qe8 22. f4
Nxd5 23. exd5 Bc8 24. Bxc8 Rxc8 25. Qf2 Qd7 26. f5 Qxf5 27. Qxf5 gxf5 28. Rf1
Rb8 29. Rab1 f4 30. gxf4 exf4 31. Nh3 Rfe8 32. Nxf4 Re5 33. Rf2 Bh6 34. Rbf1 Rb7
35. c4 Rbe7 36. b3 Rf5 37. Ng2 Rxf2 38. Kxf2 Kg7 39. Kf3 Kf6 40. Rf2 a5 41. Kg3+
Kg6 42. Kf3 a4 43. bxa4 Ra7 44. Rb2 Rxa4 45. Rb6 Bf8 46. Rb8 Bh6 47. Rb6 Ra3+
48. Kf2 Rxa2+ 49. Kf3 Ra3+ 50. Kf2 Bf8 51. Rb8 Bg7 52. Nf4+ Kf5 53. Nxh5 Bd4+
54. Ke2 Rh3 55. Rg8 Rxh4 56. Ng3+ Kf4 57. Nf1 f5 58. Nd2 Rh2+ 59. Kd3 Rh3+ 60.
Ke2 Re3+ 61. Kd1 Be5 62. Rg6 Rc3 63. Ke2 Ra3 64. Rg8 Bc3 65. Nf1 Ra2+ 66. Kd3
Bb4 67. Rg6 Kf3 68. Rg5 f4 69. Rh5 Rf2 70. Nh2+ Kg3 0-1

[Event "20th Voronezh Master Open"]
[Site "Voronezh RUS"]
[Date "2016.06.12"]
[Round "1.8"]
[White "Fedorov, Alexei"]
[Black "Elistratov, Semen"]
[Result "1-0"]
[WhiteTitle "GM"]
[BlackTitle "FM"]
[WhiteElo "2565"]
[BlackElo "2326"]
[WhiteFideId "13500465"]
[BlackFideId "24134325"]
[EventDate "2016.06.12"]

1. e4 c5 2. Nf3 d6 3. Bc4 Nc6 4. c3 Nf6 5. d3 a6 6. Bb3 Bg4 7. h3 Bh5 8. Nbd2 e6
9. g4 Bg6 10. Nh4 d5 11. Nxg6 hxg6 12. Qe2 dxe4 13. dxe4 Ne5 14. g5 Nh5 15. Nf3
Nd3+ 16. Kf1 b5 17. Bd5 exd5 18. Qxd3 Be7 19. Qxd5 Qxd5 20. exd5 Rd8 21. a4 Rxd5
22. axb5 axb5 23. Ra8+ Bd8 24. Kg2 O-O 25. Re1 Bc7 26. Ree8 Rxe8 27. Rxe8+ Kh7
28. h4 Bf4 29. Be3 Rd1 30. Bxc5 Bc1 31. Ne5 Nf4+ 32. Kf3 1-0

[Event "20th Voronezh Master Open"]
[Site "Voronezh RUS"]
[Date "2016.06.12"]
[Round "1.10"]
[White "Rychagov, Andrey"]
[Black "Rozhkov, Viacheslav"]
[Result "1-0"]
[WhiteTitle "GM"]
[BlackTitle "FM"]
[WhiteElo "2556"]
[BlackElo "2319"]
[WhiteFideId "4119932"]
[BlackFideId "4181484"]
[EventDate "2016.06.12"]

1. d4 d5 2. c4 dxc4 3. Nf3 Nf6 4. e3 e6 5. Bxc4 a6 6. O-O c5 7. Nc3 b5 8. Be2
Bb7 9. dxc5 Bxc5 10. Qxd8+ Kxd8 11. Nd2 Ke7 12. Nb3 Nbd7 13. Nxc5 Nxc5 14. b4
Nce4 15. Nxe4 Nxe4 16. Bb2 Rhc8 17. Rfc1 f6 18. f3 Nd6 19. Bd4 Rxc1+ 20. Rxc1
Rc8 21. Bc5 e5 22. Rd1 Rd8 23. Bd3 g6 24. Bc2 Bc8 25. Be4 f5 26. Bc6 Ke6 27. Bb6
Rh8 28. f4 Nc4 29. Bd5+ Kf6 30. fxe5+ Nxe5 31. Bd4 Be6 32. Bb7 Bc4 33. Bc5 Rb8
34. Rd6+ Kg5 35. Bxa6 Bxa2 36. Ba7 Ra8 37. Bd4 Nd3 38. Bxb5 Nc1 39. Bb2 Rc8 1-0

[Event "20th Voronezh Master Open"]
[Site "Voronezh RUS"]
[Date "2016.06.12"]
[Round "1.11"]
[White "Rjabzev, Konstantin"]
[Black "Shomoev, Anton"]
[Result "1/2-1/2"]
[WhiteTitle "IM"]
[BlackTitle "GM"]
[WhiteElo "2315"]
[BlackElo "2553"]
[WhiteFideId "4150015"]
[BlackFideId "4135148"]
[EventDate "2016.06.12"]

1. e4 c5 2. Nf3 Nc6 3. Bb5 g6 4. O-O Bg7 5. Re1 Nf6 6. c3 O-O 7. d4 d5 8. e5 Ne4
9. Ng5 Qb6 10. Bxc6 bxc6 11. Nxe4 dxe4 12. dxc5 Qxc5 13. Rxe4 Bf5 14. Be3 Qb5
15. Rb4 Qxe5 16. Nd2 a5 17. Nf3 Qd5 18. Qxd5 cxd5 19. Rb5 Rfb8 20. a4 e6 21. Bf4
Rc8 22. Ne5 f6 23. Nd7 e5 24. Nb6 exf4 25. Nxa8 Rxa8 26. Rxd5 Be6 27. Rd6 Bb3
28. Rb6 Bc2 29. b3 f5 30. Rc1 Rd8 31. h4 Rd2 32. Rb8+ Bf8 33. c4 Kg7 34. Rb5 Ba3
35. Re1 Bb4 36. c5 Rd8 37. Rc1 Bxb3 38. c6 Rc8 39. c7 Bxa4 40. Rb8 Bd7 41. Rxc8
Bxc8 42. Rd1 Be7 43. Rd8 Be6 44. c8=Q Bxc8 45. Rxc8 Bxh4 1/2-1/2

[Event "20th Voronezh Master Open"]
[Site "Voronezh RUS"]
[Date "2016.06.12"]
[Round "1.12"]
[White "Burmakin, Vladimir"]
[Black "Sattarov, Bobir"]
[Result "1-0"]
[WhiteTitle "GM"]
[WhiteElo "2543"]
[BlackElo "2314"]
[WhiteFideId "4105109"]
[BlackFideId "14203081"]
[EventDate "2016.06.12"]

1. Nf3 Nf6 2. g3 g6 3. b3 Bg7 4. Bb2 d6 5. d4 O-O 6. Bg2 a6 7. O-O Nc6 8. d5 Na5
9. e4 e5 10. Bc3 c5 11. Qe1 b6 12. Bxa5 bxa5 13. Nc3 Bd7 14. Nd2 Bb5 15. Nxb5
axb5 16. a4 b4 17. Nc4 Ra7 18. Bh3 Re7 19. Qe2 Bh6 20. Rae1 Nh5 21. Nb2 Rb7 22.
Qa6 Qb6 23. Qd3 Qd8 24. Qa6 Qb6 25. Qxb6 Rxb6 26. f3 Ra6 27. Rf2 Rd8 28. Nc4 Ra7
29. Bf1 Raa8 30. Be2 Nf6 31. Bd1 Ra7 32. Kg2 Ra6 33. Be2 Ra7 34. Kg1 Raa8 35.
Bf1 Nh5 36. Bg2 Ra7 37. Ref1 f5 38. exf5 gxf5 39. f4 exf4 40. gxf4 Bg7 41. Kh1
Kh8 42. Rf3 Bd4 43. Rh3 Nf6 44. Bf3 Ne4 45. Bxe4 fxe4 46. f5 Rf7 47. Rg3 Rf6 48.
Rg4 Re8 49. Re1 e3 50. Re2 Rg8 51. Rxg8+ Kxg8 52. Nxa5 Rxf5 53. Nc4 Rxd5 54. a5
Rg5 55. Nxd6 Rg6 56. Nc4 Kf7 57. h3 Ke7 58. Nxe3 Bxe3 59. Rxe3+ Kd7 60. Re5 Kc6
61. a6 Rg7 62. Rh5 Rd7 63. Rh6+ Kb5 64. Kg1 Rd1+ 65. Kf2 Rd2+ 66. Ke3 Rxc2 67.
a7 Ra2 68. Rxh7 c4 69. bxc4+ Kxc4 70. h4 Ra3+ 71. Ke4 1-0

[Event "20th Voronezh Master Open"]
[Site "Voronezh RUS"]
[Date "2016.06.12"]
[Round "1.13"]
[White "Musaev, Rasul"]
[Black "Chigaev, Maksim"]
[Result "0-1"]
[WhiteTitle "FM"]
[BlackTitle "IM"]
[WhiteElo "2310"]
[BlackElo "2542"]
[WhiteFideId "24146870"]
[BlackFideId "4108116"]
[EventDate "2016.06.12"]

1. e4 e6 2. d4 d5 3. Nc3 Bb4 4. e5 Ne7 5. a3 Bxc3+ 6. bxc3 b6 7. Qg4 Ng6 8. h4
h5 9. Qg3 Ba6 10. Nf3 Bxf1 11. Rxf1 Nc6 12. Bg5 Qd7 13. Qh3 Nce7 14. a4 c5 15.
Kd2 Rc8 16. Rfc1 cxd4 17. cxd4 Rc4 18. Ke1 Qc7 19. c3 Rxc3 20. g4 Rc2 21. gxh5
Rxh5 22. Kd1 Qc3 23. Rxc2 Qxa1+ 24. Kd2 Rxg5 25. hxg5 Qxa4 26. Qf1 Nh4 27. Nxh4
Qxd4+ 28. Ke1 Qa1+ 29. Ke2 Qxe5+ 30. Kd1 Qd4+ 31. Ke1 Qe4+ 32. Qe2 Qh1+ 33. Qf1
Qxh4 34. Qb5+ Kd8 35. Qa6 Qe4+ 36. Kd1 Qd4+ 37. Ke2 Qe5+ 38. Kd1 Qb8 39. Qa3 Kd7
40. Qa4+ b5 41. Qd4 g6 42. Qf6 b4 43. Qxf7 b3 44. Re2 e5 45. Rd2 Qb5 46. Kc1 Qa5 0-1

[Event "20th Voronezh Master Open"]
[Site "Voronezh RUS"]
[Date "2016.06.12"]
[Round "1.14"]
[White "Zakhartsov, Viacheslav V."]
[Black "Kostromin, Mikhail"]
[Result "1-0"]
[WhiteTitle "GM"]
[BlackTitle "IM"]
[WhiteElo "2531"]
[BlackElo "2309"]
[WhiteFideId "4115333"]
[BlackFideId "2807807"]
[EventDate "2016.06.12"]

1. d4 Nf6 2. c4 c5 3. d5 e6 4. Nc3 exd5 5. cxd5 d6 6. e4 g6 7. h3 Bg7 8. Nf3 O-O
9. Bd3 Re8 10. O-O c4 11. Bc2 Na6 12. Be3 Bd7 13. a4 Qc7 14. Re1 Nc5 15. Bd4 b6
16. Qd2 Rad8 17. e5 dxe5 18. Bxe5 Qc8 19. Qd4 Bf5 20. Bxf6 Bxf6 21. Qxf6 Bxc2
22. Nd4 Ne4 23. Nxe4 Bxe4 24. Nc6 Rxd5 25. Ne7+ Rxe7 26. Qxe7 Bd3 27. Qxa7 Qc5
28. Re8+ Kg7 29. Rae1 Rf5 30. R1e3 Qb4 31. g4 Rf6 32. Qb8 Qd2 33. Rg8+ Kh6 34.
g5+ 1-0

[Event "20th Voronezh Master Open"]
[Site "Voronezh RUS"]
[Date "2016.06.13"]
[Round "2.1"]
[White "Kokarev, Dmitry"]
[Black "Khusenkhojaev, Muhammad"]
[Result "0-1"]
[WhiteTitle "GM"]
[BlackTitle "IM"]
[WhiteElo "2624"]
[BlackElo "2419"]
[WhiteFideId "4132181"]
[BlackFideId "14700247"]
[EventDate "2016.06.12"]

1. g3 Nf6 2. Bg2 d5 3. Nf3 g6 4. c4 c6 5. Qa4 Bg7 6. cxd5 Nxd5 7. O-O e5 8. Nc3
O-O 9. d3 h6 10. Bd2 Be6 11. Rac1 Nd7 12. Nxd5 Bxd5 13. e4 Be6 14. b4 Qe7 15.
Be3 Rfd8 16. a3 Bg4 17. Rc3 Nf8 18. Rfc1 Ne6 19. Nd2 Nd4 20. Bxd4 Rxd4 21. Bf3
Be6 22. Be2 a5 23. Nf3 b5 24. Qd1 axb4 25. Nxd4 exd4 26. Rxc6 bxa3 27. Bg4 Bxg4
28. Qxg4 Bf8 29. Qe2 Ra7 30. Qa2 Kh7 31. Kg2 Qb7 32. Qb3 b4 33. Rc8 Bd6 34. R8c6
Bf8 35. Rc8 Kg7 36. Rd8 Be7 37. Rd5 Qa6 38. Re5 a2 39. Rxe7 Rxe7 40. Qxb4 Rd7
41. Qb2 Qxd3 42. Qxa2 Qxe4+ 43. Kg1 d3 44. Qb2+ Kh7 45. Qd2 Re7 46. h3 Qf5 47.
Kg2 Qd5+ 48. Kg1 Re2 49. Qc3 d2 50. Rd1 Qf5 0-1

[Event "20th Voronezh Master Open"]
[Site "Voronezh RUS"]
[Date "2016.06.13"]
[Round "2.2"]
[White "Bocharov, Dmitry"]
[Black "Tunik, Gennady"]
[Result "1-0"]
[WhiteTitle "GM"]
[BlackTitle "GM"]
[WhiteElo "2602"]
[BlackElo "2404"]
[WhiteFideId "4138716"]
[BlackFideId "4101219"]
[EventDate "2016.06.12"]

1. c4 Nf6 2. Nf3 e6 3. g3 b6 4. Bg2 Bb7 5. O-O c5 6. Nc3 Be7 7. Re1 Ne4 8. Nxe4
Bxe4 9. d3 Bb7 10. e4 d6 11. d4 cxd4 12. Nxd4 O-O 13. Be3 a6 14. Rc1 Qc7 15. f4
Re8 16. f5 Bf6 17. fxe6 fxe6 18. Bh3 Qf7 19. b4 Nd7 20. Bf2 Ne5 21. Qb3 Qh5 22.
Bg2 Ng4 23. Nf3 Nxf2 24. Kxf2 Qf7 25. Kg1 a5 26. a3 axb4 27. axb4 e5 28. h4 Kh8
29. Rf1 Qc7 30. Nh2 Bc8 31. Rf2 Be6 32. Qd1 Ra3 33. Rf3 Rea8 34. Ng4 Rxf3 35.
Qxf3 Be7 36. Ne3 b5 37. Bf1 bxc4 38. Bxc4 Ra3 39. Kh2 Bxc4 40. Qf2 Ra8 41. Rxc4
Qb7 42. Nd5 Qb5 43. Rc2 Rf8 44. Qe2 Qe8 45. b5 Bd8 46. b6 Qd7 47. Rb2 Qb7 48.
Kg2 h6 49. Qe3 Kg8 50. Rf2 Bf6 51. Qf3 Rf7 52. Qg4 Kh8 53. Qe6 1-0

[Event "20th Voronezh Master Open"]
[Site "Voronezh RUS"]
[Date "2016.06.13"]
[Round "2.3"]
[White "Nozdrachev, Leonid"]
[Black "Stukopin, Andrey"]
[Result "1-0"]
[WhiteTitle "FM"]
[BlackTitle "GM"]
[WhiteElo "2402"]
[BlackElo "2595"]
[WhiteFideId "24113433"]
[BlackFideId "24107131"]
[EventDate "2016.06.12"]

1. d4 Nf6 2. c4 e6 3. Nc3 Bb4 4. e3 O-O 5. Bd3 d6 6. Ne2 e5 7. O-O c6 8. a3 Ba5
9. b4 Bc7 10. Ng3 Re8 11. d5 a5 12. Rb1 axb4 13. axb4 Nbd7 14. Bf5 Nb6 15. Qd3
Bxf5 16. Nxf5 e4 17. Qd4 Re5 18. Ng3 Qe7 19. f4 exf3 20. gxf3 Qd8 21. Kh1 cxd5
22. f4 Re8 23. cxd5 Na4 24. Nxa4 Rxa4 25. Nf5 Bb6 26. Qc3 g6 27. Nh6+ Kf8 28.
Bb2 Bxe3 29. Qxf6 Qxf6 30. Bxf6 Bd2 31. Rf2 Rxb4 32. Rxb4 Bxb4 33. Rb2 Re4 34.
Ra2 Re8 35. Rb2 Re4 36. Ra2 Re8 37. Kg2 Bc5 38. Kf3 Re3+ 39. Kg4 Re8 40. Rb2 b6
41. Ra2 b5 42. Ra6 b4 43. Rc6 b3 44. Rc7 Re2 45. Rb7 Ke8 46. Nxf7 h5+ 47. Kg5
Rxh2 48. Kxg6 h4 49. Re7+ Kf8 50. Re6 1-0

[Event "20th Voronezh Master Open"]
[Site "Voronezh RUS"]
[Date "2016.06.13"]
[Round "2.4"]
[White "Sadovsky, Artem"]
[Black "Ponkratov, Pavel"]
[Result "0-1"]
[BlackTitle "GM"]
[WhiteElo "2401"]
[BlackElo "2573"]
[WhiteFideId "4155840"]
[BlackFideId "4157800"]
[EventDate "2016.06.12"]

1. e4 c5 2. Nf3 d6 3. c3 Nf6 4. h3 Nc6 5. Bd3 d5 6. e5 Nd7 7. Bb5 Qb6 8. Qe2 c4
9. Ba4 g6 10. d4 cxd3 11. Qxd3 Nc5 12. Qb5 Bf5 13. Be3 Nd3+ 14. Ke2 Qxb5 15.
Bxb5 Nxb2 16. g4 Bd7 17. Bc1 Nc4 18. Bxc4 dxc4 19. Bf4 h5 20. Rg1 O-O-O 21. Nbd2
hxg4 22. hxg4 Be6 23. Ng5 Bd5 24. e6 Bh6 25. exf7 Rdf8 26. Ndf3 Bg7 27. Bd2 Nd8
28. Rh1 Nxf7 29. Nxf7 Bxf7 30. Rxh8 Rxh8 31. Rc1 Be6 32. Rg1 Bd5 33. Nd4 a6 34.
Be3 e5 35. Nf3 Kc7 36. a4 Be4 37. Ng5 Bd3+ 38. Kd2 Kd7 39. Rg3 b5 40. axb5 axb5
41. Rf3 Rf8 42. Rh3 Kd6 43. Rh7 Rg8 44. Nf7+ Kd5 45. Nh6 Bxh6 46. Bxh6 Ra8 47.
Rd7+ Ke4 48. Rb7 Ra2+ 49. Ke1 Rb2 50. Bg7 Kf3 51. Kd1 e4 52. Bd4 Kxg4 53. Kc1
Rb1+ 54. Kd2 Kf3 55. Rf7+ Kg2 56. Rg7 Kf1 57. Ke3 Rb2 58. f3 Re2+ 59. Kf4 exf3
60. Kxf3 Re8 61. Kg3 Rd8 62. Bb6 Rd5 63. Rc7 Rg5+ 64. Kf4 Rf5+ 65. Kg3 Be2 66.
Bd4 Rf3+ 67. Kh2 Bd3 68. Re7 g5 69. Be5 Rf2+ 70. Kg3 Be2 71. Kh3 Rf3+ 72. Kh2 g4
73. Rh7 Bd3 74. Rh4 Bf5 75. Rh5 b4 76. cxb4 c3 77. Kh1 c2 78. Bb2 g3 79. Rg5 g2+
80. Rxg2 Rh3+ 81. Rh2 Be4# 0-1

[Event "20th Voronezh Master Open"]
[Site "Voronezh RUS"]
[Date "2016.06.13"]
[Round "2.5"]
[White "Kharitonov, Alexandr"]
[Black "Duzhakov, Ilya"]
[Result "1/2-1/2"]
[WhiteTitle "GM"]
[BlackTitle "FM"]
[WhiteElo "2571"]
[BlackElo "2397"]
[WhiteFideId "4135202"]
[BlackFideId "4192516"]
[EventDate "2016.06.12"]

1. d4 Nf6 2. c4 g6 3. g3 d5 4. cxd5 Nxd5 5. Bg2 Bg7 6. Nf3 Nb6 7. O-O Nc6 8. e3
O-O 9. Nc3 Re8 10. Nh4 e5 11. d5 Na5 12. Rb1 h6 13. Qc2 Nac4 14. b3 Nd6 15. e4
g5 16. Nf5 Bxf5 17. exf5 e4 18. Bb2 Nxf5 19. Nxe4 Nd6 20. Bxg7 Kxg7 21. Qb2+ Kg6
22. Rfe1 Nxe4 23. Bxe4+ f5 24. Bg2 Qd6 25. Qc2 Nxd5 26. g4 Nf4 27. Qxf5+ Kg7 28.
Red1 Ne2+ 29. Kh1 Nd4 30. Qa5 c6 31. Qa4 Red8 32. Rd2 Qf4 33. Rbd1 Ne6 34. Qxf4
gxf4 35. Rd7+ Kf6 36. h4 Rxd7 37. Rxd7 Rd8 38. Rxb7 Rd1+ 39. Kh2 Rd2 40. Rxa7
Rxf2 41. Kg1 Rc2 42. Ra4 c5 43. Re4 Rxa2 44. b4 cxb4 45. Rxb4 Ke5 1/2-1/2

[Event "20th Voronezh Master Open"]
[Site "Voronezh RUS"]
[Date "2016.06.13"]
[Round "2.6"]
[White "Vastrukhin, Oleg"]
[Black "Fedorov, Alexei"]
[Result "0-1"]
[BlackTitle "GM"]
[WhiteElo "2394"]
[BlackElo "2565"]
[WhiteFideId "4192770"]
[BlackFideId "13500465"]
[EventDate "2016.06.12"]

1. Nf3 c5 2. g3 Nc6 3. Bg2 g6 4. O-O Bg7 5. c4 e6 6. Nc3 d6 7. d3 Nge7 8. Bd2 b6
9. a3 Bb7 10. Rb1 Qd7 11. b4 Rd8 12. e3 O-O 13. Qe2 h6 14. Rfd1 Nf5 15. b5 Nce7
16. e4 Nd4 17. Nxd4 Bxd4 18. Rbc1 Kh7 19. Be3 f5 20. Bxd4 cxd4 21. Na2 e5 22.
exf5 gxf5 23. Nb4 Bxg2 24. Kxg2 f4 25. Qe4+ Kh8 26. Nd5 Rf7 27. f3 Nf5 28. Rg1
Rg8 29. Kf2 Qd8 30. Rg2 fxg3+ 31. hxg3 Nxg3 32. Rxg3 Rxg3 33. Rh1 Rgxf3+ 34.
Qxf3 Rxf3+ 35. Kxf3 Kg7 36. Rh3 Kg6 37. Rg3+ Kf5 38. Rg7 Qh4 39. Rf7+ Kg6 40.
Rxa7 Qh5+ 41. Kf2 Qd1 42. Nxb6 Qd2+ 43. Kg1 e4 44. Nd5 e3 45. Nf4+ Kf6 46. Nd5+
Kg5 47. Rg7+ Kh4 48. Rg2 e2 49. Rh2+ Kg4 50. Rg2+ Kf5 51. Rf2+ Ke5 0-1

[Event "20th Voronezh Master Open"]
[Site "Voronezh RUS"]
[Date "2016.06.13"]
[Round "2.7"]
[White "Nikitenko, Mihail"]
[Black "Rychagov, Andrey"]
[Result "0-1"]
[BlackTitle "GM"]
[WhiteElo "2391"]
[BlackElo "2556"]
[WhiteFideId "13506862"]
[BlackFideId "4119932"]
[EventDate "2016.06.12"]

1. Nf3 d5 2. g3 c6 3. Bg2 Bg4 4. O-O Nd7 5. d3 Ngf6 6. Nbd2 e5 7. e4 dxe4 8.
dxe4 Qc7 9. Qe1 Be7 10. Nc4 Be6 11. Nfd2 h5 12. Ne3 h4 13. Nf5 Bxf5 14. exf5
hxg3 15. hxg3 Rh5 16. Ne4 Rxf5 17. g4 Nxg4 18. Bh3 Nh6 19. Qe2 Rf4 20. Bxf4 exf4
21. Nd2 Kf8 22. Rfe1 Nf6 23. Nf3 Bc5 24. Ng5 Qa5 25. Ne4 Re8 26. Qc4 Bb6 27. b4
Rxe4 28. Qxe4 Bxf2+ 29. Kh1 Nxe4 30. bxa5 Bxe1 31. Rxe1 f5 32. Rb1 Nc5 33. a6
bxa6 34. Rb8+ Ke7 35. Rc8 Kd6 36. Rd8+ Ke5 37. Re8+ Kd4 38. Rc8 Ng4 39. Rxc6 g5
40. c3+ Kd5 41. Bg2+ Ne4 42. Rxa6 Ne3 43. Ra5+ Kc4 44. Bxe4 fxe4 45. Rxg5 Kd3
46. Rb5 f3 47. Kg1 Ke2 48. Rb2+ Ke1 0-1

[Event "20th Voronezh Master Open"]
[Site "Voronezh RUS"]
[Date "2016.06.13"]
[Round "2.8"]
[White "Zhurikhin, Alexander"]
[Black "Burmakin, Vladimir"]
[Result "0-1"]
[WhiteTitle "FM"]
[BlackTitle "GM"]
[WhiteElo "2383"]
[BlackElo "2543"]
[WhiteFideId "4139569"]
[BlackFideId "4105109"]
[EventDate "2016.06.12"]

1. d4 Nf6 2. Nf3 e6 3. c4 d5 4. g3 c6 5. Bg2 b5 6. b3 Nbd7 7. O-O Be7 8. Ba3
Bxa3 9. Nxa3 Qa5 10. Nc2 bxc4 11. bxc4 Ba6 12. Nd2 O-O 13. Rb1 Rab8 14. Rb3 c5
15. Ra3 Qb6 16. Rb3 Qc7 17. cxd5 Nxd5 18. Ra3 Rb6 19. Bxd5 exd5 20. Ne3 Nf6 21.
dxc5 Qxc5 22. Ra4 Qc6 23. Rf4 Rb2 24. Re1 Rxa2 25. Nf3 Qb6 26. Ne5 Qb2 27. Rxf6
Qxe5 28. Rf5 Qe4 29. Qxd5 Qxd5 30. Nxd5 Rxe2 31. Rxe2 Bxe2 32. Re5 Bc4 33. Ne7+
Kh8 34. Rc5 Bd3 35. Rc7 a6 36. Ra7 h6 37. Nc6 Be4 38. Ne5 f6 39. f3 Ra8 40. Ng6+
Kh7 41. Nf8+ Kg8 42. Re7 Bf5 43. Ne6 Bxe6 44. Rxe6 a5 45. Re3 a4 46. Ra3 Kf7 47.
Kf2 Ke6 48. Ke3 Kd5 49. Kd3 g5 50. h4 gxh4 51. gxh4 h5 52. Kc3 Ke5 53. Kb2 Kf4
54. Rc3 a3+ 55. Ka2 f5 56. Rb3 Ra4 57. Rc3 Kg3 58. Rc5 Kxf3 0-1